000 00599 a2200217 4500
003 436103
005 20251021194919.0
008 251021b |||||||| |||| 00| 0 eng d
022 _a 11186917
040 _c Nile University of Nigeria, Abuja.
_erda
050 _a K 60 .N5
082 _a K 60 .N5
245 _a NIGERIAN TAXATION JOURNAL OF CHARTERED INSTITUTE OF TAXATION
250 _avol.12, No2,2014
260 _a Lagos
_bCitn Press
_c2014
264 _a Lagos
_bCitn Press
_c2014
300 _b v, 69pg., 24 cm
336 _2rdacontent
338 _2rdacarrier
942 _2lcc
_cSERIAL
999 _c43925
_d43925